000 00553nam a22001937a 4500
005 20160929144344.0
010 _aENG-116148
020 _c275.00
_a9789385676178
035 _aEN-99680
037 _bDBAD/PUB
082 _a000
100 _aKhurana, KJS
245 _aReasoning wonder :
_cby KJS Khurana
_bverbal and non-verbal
260 _aNew Delhi
_bS.Chand & Company
_c2016
270 _a7361,Ram Nagar,
_bNew delhi
_e110055
300 _a308p.
_c24cm(pbk)
700 _a Markanday, Rajeev
942 _2ddc
_cEN
_h000
_mKHU
999 _c103764
_d103764